000 00824 a2200169 4500
003 NUST
005 20221207154823.0
040 _cNust
082 _a297,GRU
100 _aGrunebaum, G. E. Von
_9104370
245 _aIslam Essay in nature and growth of a cultural tradition /
_cG.E.Von Grunebaum
260 _aLondon
_bRoutledge and kegan paul ltd
_c1961
300 _axv: 266 p.:
505 _aThe Profile Of Muslim Civilization (Page-1), The Beginnings Of Culture Consciousness In Islam (Page-31), Arab Culture (Page-58), The Koran (Page-80), Government In Islam (Page-127), The Structure Of Mulsim Town (Page-141), Islam And Hellenism (Page-159), Fardausi Concepts Of History (Page-168), Westernization In Islam And The Theory Of Cultural Borrowing (Page-237).
651 _aIslam
_9104371
942 _2ddc
_cBK
_k297,GRU
999 _c193652
_d193652